000 00704nam a2200205Ii 4500
003 JO-AjNU
008 230605s9999||||xx |||||||||||||| ||und||
017 _a2010/3/840
040 _aJO-AjNU
_bara
_erda
_cJO-AjNU
041 _aara
050 1 4 _aTJ 163 .2 .M83 2010
100 3 _aتحرير محسن،موسى,
_eauthor
_956837
245 0 0 _aالبحث العلمي ودورة في الطاقة في الاردن
264 3 1 _aعمان :الجمعية الاردنية للبحث العلمي ،2010
300 _a200ص
336 _atext
_btxt
_2rdacontent
337 _aunmediated
_bn
_2rdamedia
338 _avolume
_bnc
_2rdacarrier
650 4 _aالطاقة-الاردن-مؤتمرات
_956838
999 _aA25435
_c29003
_d29003